000 00858nam a22002057a 4500
005 20240320115831.0
010 _aHIN-127006
020 _a9788188457052
_c595.00
035 _aHN-99352
037 _bDBAD/PUB.
082 _a420
100 _aरमेश चन्द्र
_963637
245 _aराजभाषा हिंदी;और तकनीकी अनुवाद/
_cरमेश चन्द्र
260 _a नई दिल्ली
_bकल्याणी शिक्षा परिषद
_c2023
270 _a3320-21, जटवाडा, नेताजी सुभाष मार्ग दरियागंज
_bनई दिल्ली
_e110002
300 _a192 पृ;
_c23 सेमी (सजिल्द)
700 _963631
710 _963626
942 _adpl
_cHN
_2ddc
_h420
_mरमेश
999 _c201631
_d201631